Men of iron

Bibliographic Details
Main Author: PYLE, Howard
Other Authors: Geeham, Wayne (Illustrated by)
Format: Book
Published: S.P. : Troll Associates , 1990
Subjects:

MARC

LEADER 00000cam a2200000 7i4500
001 0000001077
002 000001191
005 20000330.0
020 |a 0816718725 
090 0 0 |a JF   |b PYL 
100 1 |a PYLE, Howard 
245 1 0 |a Men of iron   |c Howard Pyle ; illustrated by Wayne Geehan 
260 |a S.P. :   |b Troll Associates ,   |c 1990 
300 |a 48 p. ;   |c 28 cm. 
650 0 0 |a Children's stories 
700 1 |a Geeham, Wayne ,   |e Illustrated by 
999 |a 031590   |b BUKU   |c JUNIOR FICTION   |e PERPUSTAKAAN KOMUNITI PETALING JAYA